000 00325nam a2200145Ia 4500
001 R-2000
003 CODICE-MESSINA
005 20260212102525.0
008 260211s9999 xx 000 0 und d
040 _cimportazione_messina
100 _aPlatone
245 0 _aSimposio Platone
260 _bRizzoli
942 _2ddc
_cBK
999 _c28508
_d28508